| 000 | 01114cam a22002773a 4500 | ||
|---|---|---|---|
| 001 | 1805 | ||
| 003 | PGUSA | ||
| 005 | 20140828083006.0 | ||
| 008 | 990701s1999||||xxu|||||s|||||000 1 eng d | ||
| 040 |
_aPGUSA _beng |
||
| 042 | _adc | ||
| 050 | 4 | _aPS | |
| 100 | 1 |
_aHenry, O., _d1862-1910 |
|
| 245 | 1 | 4 |
_aThe Gentle Grafter _h[electronic resource] / _cO. Henry |
| 260 |
_bProject Gutenberg, _c1999 |
||
| 505 | 0 | _aThe octopus marooned -- Jeff Peters as a personal magnet -- Modern rural sports -- The chair of philanthromathematics -- The hand that riles the world -- The exact science of matrimony -- A midsummer masquerade -- Shearing the wolf -- Innocents of Broadway -- Conscience in art -- The man higher up -- A tempered wind -- Hostages to Momus -- The ethics of pig. | |
| 506 | _aPublic domain in the USA. | ||
| 516 | _aElectronic text | ||
| 653 | _aHumorous stories, American | ||
| 653 | _aFiction | ||
| 700 | 1 |
_aGreening, Harry Cornell, _d1876- |
|
| 700 | 1 |
_aPreston, May Wilson, _d1873-1949 |
|
| 830 | 0 |
_aProject Gutenberg _v1805 |
|
| 856 | 4 | 0 | _uhttp://www.gutenberg.org/ebooks/1805 |
| 942 | _cEB | ||
| 999 |
_c231148 _d231148 |
||